000 00518nam a2200181Ia 4500
005 20250326124229.0
008 250326s9999 xx 000 0 und d
037 _aTextbook
040 _aFMSL
_beng
_cFMSL
041 _aeng
_2eng
084 _aX:51 L7;6
_qFMSL
100 _aAllen P
_9284572
245 0 _aMarketing techniques for analysis and control
_cAllen P
260 _aGreat
_bGreat, Britain Macdonald And Evans
_c1977
300 _a214p
942 _cTB
_hX:51 L7;6
999 _c1272854
_d1272854